Регионална библиотека "Любен Каравелов" - Русе

Микробиология (Запис номер 52348)

MARC детайли
000 -Лидер
Контролно поле с фиксирана дължина 01526nam a2200337 c 4500
003 - Код на организацията, давaща контролен номер
Контролно поле BLK
005 - Дата и час на последна редакция
Контролно поле 20230327172700.0
008 - Елементи от данни с фиксирана дължина
fixed length control field 180408b bul|||||r ||||||| ||bul||
010 ## - Наследен системен номер
LC control number KNG00056268000
020 ## - Международен стандартен номер на книга ISBN
Международен стандартен номер на книга ISBN 954-24-0045-4
-- издат.: Акад. изд. на Унив. по хран. технологии
040 ## - Източник на каталожния запис
Идентификатор на билиотеката - собственик на записа BLK
041 ## - Код за език
Код за езика на текст/звукозапис или на отделно заглавие Български
Код за езика КДБФ Български
080 ## - УДК
Текстов определител УДК Микробиология. Вж и 663
УДК код - определител по УДК 579
УДК определител (075.8)
УДК - код + определител 579(075.8)
100 1# - Редна дума - Автор
Автор Мургов, Иван Димов
Авторска отговорност първи автор
R(LIN) 245096
139 ## - Редно поле
Редна дума Мургов, Иван Димов и др.
Авторски знак Му - М 95
245 10 - Сведения за заглавието
Заглавие Микробиология
Подзаглавни данни Теория и практика
Редно поле (дума) Иван Димов Мургов; съавт. Запряна Рангелова Денкова.
257 ## - Страна на издаване
Страна на създаване/издаване България
260 ## - Област на издателските данни
-- Пловдив
Име на издателя, разпространителя и проч. Акад. изд. на Унив. по хран. технологии
Година на издаване 2004
Печатница Пловдив : Нова Тимкомпакт
300 ## - Физическа характеристика
Страници 320 с.
Илюстрации и др. с ил., табл., сх.
Размери/Мащаб 24 см
380 ## - Жанр
Жанр Естествени науки. Математика
500 ## - Общи забележки
Забележка Офс. изд. - Предм. показалец, Показалец на лат. наименования.
650 #4 - Допълнително описание по предмет – тема
Основно описание – тема или топоним Микробиология - учебници за ВУЗ
9 (RLIN) 242072
653 ## - Ключова дума – ненормативна
Ключова дума микробиология
653 ## - Ключова дума – ненормативна
Ключова дума учебници за ВУЗ
700 1# - Други автори (авторска отговорност)
Лично име Денкова, Запряна Рангелова
Автороска отговорност (Описва отношението между автора и произведението) съавт.
9 (RLIN) 252109
852 ## - Местоположение
Форматна сигнатура Цб 225341
856 4# - Електронен адрес и достъп
Електронен формат pdf - файл
Път до файла /url/
856 4# - Електронен адрес и достъп
Електронен формат pdf - файл
Път до файла /url/
942 ## - АРТИКУЛИ
Вид на библиотечния материал Книги
Скрит в OPAC Не
Koha issues (borrowed), all copies 5
944 ## - СЪЗДАВАНЕ И РЕДАКЦИЯ на ЗАПИСА
Създаване/Редакция Създаване
Дата на регистрацията/редакция 28.10.2005
Служител, извършил регистрацията/редакцията Людмила_Стоянова
944 ## - СЪЗДАВАНЕ И РЕДАКЦИЯ на ЗАПИСА
Създаване/Редакция Редакция
Дата на регистрацията/редакция 02.06.2006
Служител, извършил регистрацията/редакцията
999 ## - СИСТЕМНИ КОНТРОЛНИ НОМЕРА
Koha biblionumber 52348
Koha biblioitemnumber 52348
Наличности
Код за отписване Код за изгубен артикул Код за повреда Коз за рестрикции Код за отдаване Артикулен № Име на библиотеката - собственик Име на библиотеката, в която се намира в момента Статус (Текущо местоположение) Дата на вписване в системата Местоположение - отдел Цена в лева Инвентарен номер Систематично азбучна сигнатура Баркод Номер на екземпляра Цена в евро Служебна бележка Служебен тип на артикула Източник на класификационната схема
  Не е изгубен Не е повреден без рестрикции ползва се в читалня 82337 Регионална библиотека "Любен Каравелов" Русе Регионална библиотека "Любен Каравелов" Русе Хранилище 2005-10-28 Хранилище 0.00 120000697661 Цб 225341 120000697661 1 0.00 Дост: Dp Вид: Д N: 45 Дата: 20.10.2004 Книги  
  Не е изгубен Не е повреден без рестрикции заемане за дома 82338 Регионална библиотека "Любен Каравелов" Русе Регионална библиотека "Любен Каравелов" Русе Количка 2006-05-30 Заемна - подръчен фонд 16.80 120000702590 П 579/М 95 120000702590 2 8.59 Дост: Pk Вид: Ф N: 41136 Дата: 29.05.2006 Дата инв: 02.02.2018 Бележки инв: П2018 Книги Universal Decimal Classification
  Не е изгубен Не е повреден без рестрикции ползва се в читалня 82339 Регионална библиотека "Любен Каравелов" Русе Регионална библиотека "Любен Каравелов" Русе Читалня 2006-05-30 Читалня 16.80 120000702591 Ч 579/М 95 120000702591 3 8.59 Дост: Pk Вид: Ф N: 41136 Дата: 29.05.2006 Дата инв: 17.03.2017 Бележки инв: Ч2017 Книги  
Vip Innovations Ltd, Rousse, Bulgaria 2025